000 00504nam a2200181Ia 4500
003 GCL
008 140319s9999 xx 000 0 ara d
040 _aGCL /
_cGCL
082 0 4 _a813.03
_bم د
100 1 _aمحمد كمال محمد
245 1 0 _aدماء في الوادى الاخضر /
_cمحمد كمال محمد
700 1 _aمحمد جيريل (دراسه)
300 _a96
490 _a
650 0 4 _aالادب العربى
650 0 4 _aالقصص العربية
942 _2ddc
_cBK
999 _c38545
_d38545